Statystyki dla Rywale reprezentacji Polski w piłce nożnej w 2014 roku

Kliknij tutaj aby rozwiązać quiz!

Ogólne statystyki

  • Ten quiz został rozwiązany 74 razy
  • Średni wynik to 6 z 10

Statystyki odpowiedzi

Odpowiedź% Poprawnych
7Niemcy
99%
4Niemcy
99%
3Szkocja
79%
8Szkocja
79%
6Gibraltar
65%
9Gruzja
56%
5Litwa
49%
10Szwajcaria
40%
2Mołdawia
37%
1Norwegia
35%

Rozkład punktacji

Percentyl według liczby udzielonych odpowiedzi

Procent ludzi z każdym wynikiem

Twoja historia wyników

Nie rozwiązałeś tego quizu